Εκμάθηση Ξένων Γλωσσών και Ποιότητα/Η Εικόνα στην Ευρωπαϊκή Ένωση και η Προσπάθεια Εφαρμογής της Ποιότητας στα Κέντρα Ξένων Γλωσσών στην Ελλάδα (Record no. 8596)
[ view plain ]
| 000 -LEADER | |
|---|---|
| fixed length control field | 01589cam a22001934a 4500 |
| 005 - ΗΜΕΡΟΜΗΝΙΑ ΚΑΙ ΩΡΑ ΤΕΛΕΥΤΑΙΑΣ ΕΝΗΜΕΡΩΣΗΣ | |
| Πεδίο ελέγχου | 20250605164341.0 |
| 008 - FIXED-LENGTH DATA ELEMENTS--GENERAL INFORMATION | |
| Πεδίο ελέγχου σταθερού μήκους | 250528s ||||||||||||||||||||||||d |
| 035 ## - SYSTEM CONTROL NUMBER | |
| System control number | 23595 |
| 040 ## - ΠΗΓΗ ΚΑΤΑΛΟΓΟΓΡΑΦΗΣΗΣ | |
| Φορέας πρωτότυπης καταλογογράφησης | MC Athens Campus Library |
| Γλώσσα καταλογογράφησης | Ελληνικά, Μοντέρνα (1453-) |
| Modifying agency | MC Athens Campus Library |
| Κανόνες περιγραφικής καταλογογράφησης | AACR2 |
| 245 1# - ΤΙΤΛΟΣ ΚΑΙ ΔΗΛΩΣΗ ΥΠΕΥΘΥΝΟΤΗΤΑΣ | |
| Τίτλος | Εκμάθηση Ξένων Γλωσσών και Ποιότητα/Η Εικόνα στην Ευρωπαϊκή Ένωση και η Προσπάθεια Εφαρμογής της Ποιότητας στα Κέντρα Ξένων Γλωσσών στην Ελλάδα |
| 260 ## - PUBLICATION, DISTRIBUTION, ETC. | |
| Date of publication, distribution, etc. | 2011 |
| 300 ## - PHYSICAL DESCRIPTION | |
| Extent | 49 |
| 520 ## - SUMMARY, ETC. | |
| Summary, etc. | Εισαγωγή, Η Έννοια της Ποιότητας και η Διοίκηση Ολικής Ποιότητας (Δ.Ο.Π.), Εκμάθηση Ξένων Γλωσσών και Σημασία της, Εκπαίδευση και Ποιότητα, Γλώσσες και Ευρωπαϊκή Ένωση, Εφαρμογή της Διοίκησης Ολικής Ποιότητας στα Κέντρα Ξένων Γλωσσών στην Ελλάδα, Οι Έννοιες Πελάτης-Προμηθευτής, Ηγεσία, Κουλτούρα, Μάθηση και Διδασκαλία, Οικονομικοί Πόροι, Αξιολόγηση, Περίληψη, Μεθοδολογία, Ανάλυση και Αποτελέσματα, Συμπεράσματα, Ποότητα και Γλωσσομάθεια, Προτάσεις, Αντί Επιλόγου, Παραπομπές. |
| 700 1# - ΠΡΟΣΘΕΤΗ ΑΝΑΓΡΑΦΗ--ΦΥΣΙΚΟ ΠΡΟΣΩΠΟ | |
| Personal name | Γρηγορίου Εύα |
| 9 (RLIN) | 9182 |
| 700 1# - ΠΡΟΣΘΕΤΗ ΑΝΑΓΡΑΦΗ--ΦΥΣΙΚΟ ΠΡΟΣΩΠΟ | |
| Personal name | Κερατζάκης Ιωάννης |
| 9 (RLIN) | 9183 |
| 942 ## - ADDED ENTRY ELEMENTS (KOHA) | |
| Koha item type | Διπλωματική εργασία |
| Τύπος τεκμηρίου | Βιβλιοθήκη | Τρέχουσα τοποθεσία | Barcode | Ημερομηνία απόκτησης | Ταξιθετικό σύμβολο | Αριθμός αντιτύπου | Κατάσταση απόσυρσης | Κατάσταση χαμένου | Κατάσταση κατεστραμμένου | Μη δανεισμός | Σύνολο δανεισμών | Ημερομηνία τελευταίας εμφάνισης | Η τιμή ισχύει από |
|---|---|---|---|---|---|---|---|---|---|---|---|---|---|
| Διπλωματική εργασία | MC Athens Campus Library | MC Athens Campus Library | 9780000085955 | 05/06/2025 | BUS 2011 (6) | 1 | 05/06/2025 | 05/06/2025 |